History Quiz

Random History or Year Quiz

This Day in History: November Quiz Stats

 Plays Quiz Updated Nov 19, 2019

Support Sporcle.
Go Orange.
Score 0/30 Timer 07:00
3 Plays Today
Day Answer % Correct
Nov 1Michelangelo
93.2%
Nov 4Tutankhamen
91.9%
Nov 11World War I
89.4%
Nov 22John F. Kennedy
89.2%
Nov 24Charles Darwin
85.6%
Nov 2South Vietnam
83.9%
Nov 19Gettysburg
82.3%
Nov 6Vladimir Lenin
81.9%
Nov 28William Shakespeare
76.9%
Nov 7Magic Johnson
74.2%
Nov 20Nuremberg, Germany
73.5%
Nov 17Suez Canal
66.3%
Nov 10Hirohito
64.1%
Nov 21Thomas Edison
63%
Nov 23Doctor Who
59.4%
Day Answer % Correct
Nov 5Guy Fawkes
58.5%
Nov 29Japan
58.1%
Nov 14Ottoman Empire
56.2%
Nov 27Crusades
44.8%
Nov 9Night of Broken Glass
44.4%
Nov 25Czechoslovakia
43.3%
Nov 30Ken Jennings
42.2%
Nov 18Guyana
40.7%
Nov 3'Dewey Defeats Truman'
37%
Nov 15Brazil
36.6%
Nov 16Benazir Bhutto
35.9%
Nov 26Octavian
33%
Nov 13Robin Hood
32.2%
Nov 8X-rays
30.8%
Nov 12Hideki Tojo
24.5%

You're not logged in!

Compare scores with friends on all Sporcle quizzes.
OR
Log In

From the Vault

'E' Celebrity Images

by sproutcm

Don't get this confused with E! celebrity images, Sporcle is not beholden to any Kardashians.
Remove Ads.
Support Sporcle.
Get the best of Sporcle when you Go Orange. This ad-free experience offers more features, more stats, and more fun while also helping to support Sporcle. Thank you for becoming a member.

Show Comments

Extras

Top Quizzes Today


Score Distribution

Your Account Isn't Verified!

In order to create a playlist on Sporcle, you need to verify the email address you used during registration. Go to your Sporcle Settings to finish the process.

Report this User

Report this user for behavior that violates our Community Guidelines.

Details: